Flaggen Europas (alphabetische Reihenfolge) - Statistiken

Allgemein
  • Dieses Quiz wurde 26 mal gespielt
  • Das Durchschnittsergebnis liegt bei 43 aus 45
Antwortstatistiken
Bildquiz Antwort % Korrekt
Albanien
100%
Belgien
100%
Dänemark
100%
Deutschland
100%
Finnland
100%
Frankreich
100%
Griechenland
100%
Irland
100%
Island
100%
Italien
100%
Kroatien
100%
Liechtenstein
100%
Luxemburg
100%
Malta
100%
Norwegen
100%
Österreich
100%
Polen
100%
Portugal
100%
Andorra
95%
Belarus
95%
Bulgarien
95%
Estland
95%
Lettland
95%
Litauen
95%
Monaco
95%
Montenegro
95%
Niederlande
95%
Rumänien
95%
Russland
95%
Schweden
95%
Schweiz
95%
Slowenien
95%
Vatikanstadt
95%
Bosnien und Herzegowina
90%
Kosovo
90%
San Marino
90%
Serbien
90%
Slowakei
90%
Spanien
90%
Tschechien
90%
Ukraine
90%
Ungarn
90%
Vereinigtes Königreich
90%
Moldawien
85%
Nordmazedonien
85%
Keine übereinstimmenden Quizze gefunden
Verteilung der Resultate
Anzahl Personen mit jedem Resultat
Perzentil nach korrekt beantworteten Fragen
Ihre Resultats-Entwicklung
Sie haben dieses Quiz noch nicht gespielt